Dakshinecha lokadev shrikhandoba (Record no. 361321)

MARC details
000 -LEADER
fixed length control field 003230000a22001450004500
005 - DATE AND TIME OF LATEST TRANSACTION
control field 20120302064120.0
040 ## - CATALOGING SOURCE
Original cataloging agency Mar
100 ## - MAIN ENTRY--PERSONAL NAME
Personal name Dhere,R.C.
245 ## - TITLE STATEMENT
Title Dakshinecha lokadev shrikhandoba
260 ## - PUBLICATION, DISTRIBUTION, ETC. (IMPRINT)
Place of publication, distribution, etc Pune:Padmagandha Prakashan,2002.
300 ## - PHYSICAL DESCRIPTION
Extent 212p.
365 ## - TRADE PRICE
Price amount 150/-
650 ## - SUBJECT ADDED ENTRY--TOPICAL TERM
Topical term or geographic name as entry element Khandoba
942 ## - ADDED ENTRY ELEMENTS (KOHA)
Koha item type Book
Holdings
Withdrawn status Lost status Damaged status Not for loan Home library Current library Date acquired Total Checkouts Barcode Date last seen Price effective from
        Institute For Oriental Study, Thane Institute For Oriental Study, Thane 12/02/2009   IOS-M 22374 12/02/2009 12/02/2009